000
00228 a2200109 4500
001
63551
082
_a
629.132 KER
090
_c
37548
_d
37548
100
_a
Kermode,He
245
_a
Flight Without Formulae
260
_b
Pilman
942
_a
caenust
_k
629.132 KER
999
_c
298624
_d
298624